Trace the Coast of the World Map - Statistics

General Stats
  • This quiz has been taken 54,969 times
    54,950 since last reset
  • The average score is 98 of 142
Answers on the Map
Answers color-coded by a green-red scale on the quiz's map according to % correct below.
 
Answer Stats
Countries % Correct
Russia (Asian Arctic)
97%
North Korea (Sea of Japan)
86%
South Korea
86%
China
80%
North Korea (Yellow Sea)
79%
Vietnam
79%
Cambodia
78%
Thailand (Gulf of Thailand)
78%
India
77%
Malaysia
77%
Pakistan
77%
Bangladesh
76%
Iran
76%
Iraq
76%
Myanmar
76%
Thailand (Andaman Sea)
76%
Kuwait
75%
Oman (Strait of Hormuz)
75%
Qatar
75%
Saudi Arabia (North Persian Gulf)
75%
Saudi Arabia (South Persian Gulf)
75%
United Arab Emirates (Persian Gulf)
75%
Egypt (Red Sea)
74%
Oman (Arabian Sea)
74%
Saudi Arabia (Red Sea)
74%
Yemen
74%
Canada
73%
Israel (Gulf of Aqaba)
73%
Jordan
73%
Mexico (Atlantic Coast)
73%
Somalia
73%
United Arab Emirates (Arabian Sea)
73%
United States (Atlantic Coast)
73%
Djibouti
72%
Eritrea
72%
Kenya
72%
Mozambique
72%
Namibia
72%
South Africa
72%
Sudan
72%
Tanzania
72%
Angola
71%
DR Congo
71%
Belize (Atlantic Coast)
70%
Algeria
68%
Argentina
68%
Brazil
68%
Chile
68%
Colombia (Atlantic Coast)
68%
Costa Rica (Atlantic Coast)
68%
Egypt (Mediterranean Sea)
68%
Guatemala (Atlantic Coast)
68%
Guyana
68%
Honduras (Atlantic Coast)
68%
Israel (Mediterranean Sea)
68%
Libya
68%
Morocco
68%
Morocco
68%
Nicaragua (Atlantic Coast)
68%
Panama (Atlantic Coast)
68%
Suriname
68%
Tunisia
68%
Uruguay
68%
Venezuela
68%
Benin
67%
Cameroon
67%
Canada (Pacific Coast)
67%
Colombia (Pacific Shore)
67%
Ecuador
67%
France (French Guiana)
67%
Ghana
67%
Ivory Coast
67%
Lebanon
67%
Mauritania
67%
Morocco
67%
Nigeria
67%
Panama (Pacific Shore)
67%
Peru
67%
Senegal (South)
67%
Spain (Ceuta)
67%
Spain (Melilla)
67%
Syria
67%
Togo
67%
Turkey (Asian)
67%
Costa Rica (Pacific Shore)
66%
Equatorial Guinea
66%
Gabon
66%
Gambia
66%
Georgia
66%
Greece
66%
Guinea
66%
Honduras (Pacific Coast)
66%
Liberia
66%
Mexico (Pacific Shore)
66%
Nicaragua (Pacific Shore)
66%
Russia (Black Sea)
66%
Senegal (North)
66%
Sierra Leone
66%
United States (Alaska)
66%
United States (Pacific Shore)
66%
Albania
65%
Bulgaria
65%
Croatia (North)
65%
El Salvador (Pacific Shore)
65%
France
65%
France (Bay of Biscay)
65%
France (Mediterranean Sea)
65%
Guatemala (Pacific Shore)
65%
Guinea-Bissau
65%
Italy
65%
Monaco
65%
Portugal
65%
Republic of the Congo
65%
Romania
65%
Russia (Crimea)
65%
Spain (Bay of Biscay)
65%
Spain (Mediterranean Sea)
65%
Ukraine (Black Sea)
65%
Ukraine (Sea of Azov)
65%
Belgium
64%
Bosnia and Herzegovina
64%
Croatia (South)
64%
Denmark
64%
Estonia
64%
Finland
64%
Germany (Baltic Sea)
64%
Germany (North Sea)
64%
Latvia
64%
Lithuania
64%
Montenegro
64%
Netherlands
64%
Norway
64%
Poland
64%
Russia (European Arctic)
64%
Russia (Kaliningrad)
64%
Russia (Saint Petersburg)
64%
Slovenia
64%
Spain (Atlantic Shore)
64%
Sweden
64%
Turkey (European)
64%
United Kingdom (Gibraltar)
63%
Angola (Cabinda)
62%
No matching quizzes found
Score Distribution
Percent of People with Each Score
Percentile by Number Answered
Your Score History
You have not taken this quiz since the last reset